000 00295nam a22001337a 4500
008 181010b xxu||||| |||| 00| 0 eng d
020 _a0534588166
041 _aeng
080 _28th
_a159.9
100 _a48
101 _aPSI
245 _aBiological Psychology
_cKalat,J.W
942 _2udc
_cBK
999 _c49293
_d49293